Filosofia do direito. A fundamentaçao psicológica do direito natural

Сохранить в:
Библиографические подробности
Главный автор: Mello, Lydio Machado Bandeira de (autor)
Формат:
Язык:португальский
Опубликовано: Belo Horizonte Universidade Federal de Minas Gerais 1967
Редактирование:2a. ed
Предметы:
Метки: Добавить метку
Нет меток, Требуется 1-ая метка записи!

MARC

LEADER 00000nam a2200000 a 4500
001 UCS8795
003 CL-VaPUC
008 971107e19670000BL |||||||||||||||||por|d
082 0 4 |a 340.1  |b MAC  |2 21 
100 |a Mello, Lydio Machado Bandeira de  |e autor  |9 401368 
245 1 0 |a Filosofia do direito. A fundamentaçao psicológica do direito natural 
250 |a 2a. ed 
300 |a 234 p 
942 |c BK 
945 |d 19971107 00:00:00  |a aolguin 
260 |a Belo Horizonte  |b Universidade Federal de Minas Gerais  |c 1967 
650 0 |a Filosofía del derecho   |9 255050 
650 0 |a Derecho natural   |9 255041 
650 0 |a Aspectos psicológicos  |9 258128 
650 0 |a Teoría de la ley  |9 354245 
650 0 |a Interacción social   |9 307764 
650 0 |a Psicología social   |9 222894 
650 0 |a Teoría del derecho  |9 255982 
650 0 |a Derecho y sociedad   |9 255963 
583 |a last modification  |c 19971107 00:00:00  |k Rodrigo Vera 
999 |c 263003  |d 263001 
952 |0 0  |1 0  |4 0  |6 340_100000000000000_MAC_1967  |7 0  |8 DER_TF  |9 292079  |a BIBDER  |b BIBDER  |d 2019-11-19  |i 1897535  |o 340.1 MAC 1967  |p 1897535  |r 2023-01-25  |w 2019-11-19  |x Ubicación 4to Piso  |y BK  |z Estos recursos deben solicitarse con anticipación  |k DER